Vigo y Doña Concepción Arenal : (Record no. 167344)

MARC details
000 -LEADER
campo de control de longitud fija 00717nam a22001815i 4500
001 - NÚMERO DE CONTROL
campo de control 167344
003 - IDENTIFICADOR DE NÚMERO DE CONTROL
campo de control ES-MaACL
005 - FECHA Y HORA DE LA ÚLTIMA TRANSACCIÓN
campo de control 20230906213514.0
008 - DATOS DE LONGITUD FIJA--INFORMACIÓN GENERAL
campo de control de longitud fija 150907s1898 sp a |||| |dspa d
245 00 - MENCIÓN DEL TÍTULO
Título Vigo y Doña Concepción Arenal :
Resto del título el libro de la velada, 10 de septiembre de 1897.
260 ## - PUBLICACIÓN, DISTRIBUCIÓN, ETC.
Lugar de publicación, distribución, etc. Madrid :
Nombre del editor, distribuidor, etc. [s.n.],
Fecha de publicación, distribución, etc. 1898 (
Fabricante Est. Tip. de la Viuda e Hijos de Manuel Tello)
300 ## - DESCRIPCIÓN FÍSICA
Extensión 86, [22] p. :
Otras características físicas il. ;
Dimensiones 31 cm.
530 ## - NOTA DISPONIBLE DE FORMULARIO FÍSICO ADICIONAL
Nota de formato físico adicional disponible Disponible en formato digital.
600 14 - PUNTO DE ACCESO ADICIONAL DE MATERIA--NOMBRE DE PERSONA
Nombre de persona Arenal, Concepción,
Fechas asociadas al nombre 1820-1893-
Subdivisión de forma Homenajes
9 (RLIN) 22593
852 4# - LOCALIZACIÓN
Ubicación ES-MaACL
Número de control de estantería T-991-F-5
856 ## - LOCALIZACIÓN Y ACCESO ELECTRÓNICOS
Identificador Uniforme de Recursos <a href="http://biblioteca.galiciana.gal/es/consulta/registro.do?id=8433 ">http://biblioteca.galiciana.gal/es/consulta/registro.do?id=8433 </a>
Nota pública Biblioteca Dixital de Galicia
Holdings
Estatus retirado Estado de pérdida Estado de daño No para préstamo Colección Biblioteca de origen Biblioteca actual Ubicación en estantería Fecha de adquisición Fuente de adquisición Total de préstamos Signatura topográfica completa Código de barras Visto por última vez Precio de reemplazo Tipo de ítem Koha
        Colección de folletos Biblioteca del Ateneo de Madrid Biblioteca del Ateneo de Madrid Depósito folletos 07/10/2015     T-991-F-5 1194222 23/02/2023 23/02/2023 Folleto